Dog Breeds By Picture (Medium) - Statistics

General Stats
  • This quiz has been taken 40 times
  • The average score is 7 of 12
Answer Stats
Picture Answer % Correct
Chow Chow
91%
Collie
91%
Bichon Frise
89%
Samoyed
80%
Italian Greyhound
60%
Rhodesian Ridgeback
54%
Bullmastiff
51%
Scottish Terrier
49%
Viszla
43%
Chinese Shar-Pei
40%
Portuguese Water Dog
40%
Russell Terrier
23%
No matching quizzes found
Score Distribution
Percent of People with Each Score
Percentile by Number Answered
Your Score History
You have not taken this quiz